Social Ethics : morality and social policy

Bibliographic Details
Main Authors: Mappes, Thomas A. (Author), Zembaty, Jane S. (Author)
Format: Book
Published: New York : McGraw-Hill , c1997
Edition:5th ed.
Subjects:

MARC

LEADER 00000cam a2200000 7i4500
001 0000028513
005 20021119093000.0
008 021119n
020 |a 0070401438 
090 0 0 |a HM216   |b .M27 1997 
100 0 |a Mappes, Thomas A. ,   |e author 
245 0 0 |a Social Ethics :   |b morality and social policy   |c Thomas A. Mappes, Jane S. Zembaty 
250 |a 5th ed. 
260 2 |a New York :   |b McGraw-Hill ,   |c c1997 
300 |a xii, 525 p. ; ;   |c 24 cm. 
504 |a Includes bibliographical references 
650 0 |a Social ethics 
651 0 |a United States   |x Moral conditions 
651 0 |a United States   |x Social policy 
700 0 |a Zembaty, Jane S. ,   |e author 
999 |a 1000070143   |b Book   |c OPEN SHELF (30 DAYS)   |e Gong Badak Campus